000 00228cam a22000977a 4500
008 180718b xxu||||| |||| 00| 0 eng d
082 _aO1/H234
100 _aHarpham, Trudy, ed.
245 _aIn the shadow of the city
260 _a
_b
_c
999 _c338189
_d338189